Encuentros inciertos: globalización y territorios locales en Centroamérica /
Guardat en:
| Autor principal: | |
|---|---|
| Autor corporatiu: | |
| Altres autors: | , , |
| Format: | Desconegut |
| Publicat: |
San José:
FLACSO. Programa Costa Rica
|
| Matèries: | |
| Etiquetes: |
Afegir etiqueta
Sense etiquetes, Sigues el primer a etiquetar aquest registre!
|
MARC
| LEADER | 00000 a2200000 04500 | ||
|---|---|---|---|
| 001 | 11616 | ||
| 003 | |||
| 008 | 991231s d | ||
| 040 | |||
| 090 | |a 140202 | ||
| 100 | |a Pérez Sáinz, Juan Pablo | ||
| 110 | |a FLACSO. Programa Costa Rica | ||
| 245 | |a Encuentros inciertos: globalización y territorios locales en Centroamérica / |c Juan Pablo Pérez Sáinz | ||
| 260 | |a San José: |b FLACSO. Programa Costa Rica | ||
| 300 | |a 273 p. | ||
| 650 | |a MODERNIZACION | ||
| 650 | |a DESARROLLO LOCAL | ||
| 650 | |a DESARROLLO REGIONAL | ||
| 650 | |a DESARROLLO ECONOMICO | ||
| 700 | |a Rivera Araya, Roy | ||
| 700 | |a Cordero Ulate, Allen | ||
| 700 | |a Morales Gamboa, Abelardo | ||
| 999 | |c 14712 |d 14712 | ||
